Statistics for Guess the La Liga teams by their best Fifa 18 Player

Click here to take the quiz!

General Stats

  • This quiz has been taken 167 times
  • The average score is 14 of 20

Answer Stats

Fifa 18 PlayerAnswer% Correct
Lionel Messi (93)Barcelona
100%
Cristiano Ronaldo (94)Real Madrid
98%
Antoine Griezmann / Diego Godin / Jan Oblak (88)Atletico Madrid
95%
Daniel Parejo (84)Valencia
89%
Ever Banega / Steven N'Zonzi (83)Sevilla
85%
Iago Aspas (84)Celta Vigo
81%
Aymeric Laporte / Aritz Aduriz (84)Athletic Bilbao
79%
Marc Bartra / Adan / Ryad Boudebouz (81)Real Betis
73%
Geronimo Rulli (83)Real Sociedad
73%
Sergio Asenjo / Bruno (84)Villarreal
69%
Diego Lopez (83)RCD Espanyol
68%
Lucas Perez (81)Deportivo La Coruna
60%
Cristhian Stuani / Portu (78)Girona FC
58%
Coke (80)Levante
56%
Jonathan Viera / Vitolo (83)UD Las Palmas
55%
Bojan / Hernan Perez (79)Deportivo Alaves
53%
Vitorino Antunes (79)Getafe CF
53%
Roberto / Keko (79)Malaga CF
53%
Dani Garcia (81)SD Eibar
44%
Nordin Amrabat (79)CD Leganes
40%

Score Distribution

Percentile by Number Answered

Percent of People with Each Score

Your Score History

You have not taken this quiz